• 首页
  • 本馆介绍
  • 公告通知
  • 最新文献
  • 馆藏检索
  • 电子资源
  • 读者导购
  • 参考咨询
  • 我的图书馆
  • 登录
  • 详细信息显示
  • 放入我的书架
  • 预约/预借图书
  • 作者相关作品
  • 分类相关作品
  • 丛书相关作品
  • 出版社相关作品

书目信息

  • 表格格式
  • 工作单格式
  • 卡片格式
题名:
监察机关15项调查措施学习指南
    
 
作者: 本书编写组编写
分册:  
出版信息: 北京   中国方正出版社  2018
页数: 246页
开本: 21cm
丛书名:
单 册:
中图分类: D922.114.5
科图分类:
主题词: 行政监察法--法律解释--中国
电子资源:
ISBN: 978-7-5174-0499-6
000 00890nam0 2200217 450
001 0104554146
005 20180802095603.0
010    @a978-7-5174-0499-6@dCNY20.00
100    @a20180802d2018 em y0chiy0120 ea
101 0  @achi
102    @aCN@b110000
105    @ay zn 000yy
106    @ar
200 1  @a监察机关15项调查措施学习指南@9Jian Cha Ji Guan 1 5 Xiang Diao;Tiao Cha;Zha Cuo Shi Xue Xi Zhi Nan;Na @f本书编写组编写@b专著
210    @a北京@c中国方正出版社@d2018
215    @a246页@d21cm
330    @a本书对《中华人民共和国监察法》赋予监察委员会的谈话、询问、讯问、查询、冻结、调取、查封、扣押、搜查、勘验检查、鉴定、留置等十二项调查措施进行了全面释读。分别阐释了十二项调查措施的涵义、适用对象、程序、方式方法以及要注意的相关问题。
606 0  @a行政监察法@x法律解释@y中国
690    @aD922.114.5@v5
801  0 @aCN@bAZmarc@c20230905
905    @aBZT@dD922.114.5@e1@f1@sD922.114.5/1
    
    监察机关15项调查措施学习指南/本书编写组编写.-北京:中国方正出版社,2018
    246页;21cm
    
    
    ISBN 978-7-5174-0499-6:CNY20.00
    本书对《中华人民共和国监察法》赋予监察委员会的谈话、询问、讯问、查询、冻结、调取、查封、扣押、搜查、勘验检查、鉴定、留置等十二项调查措施进行了全面释读。分别阐释了十二项调查措施的涵义、适用对象、程序、方式方法以及要注意的相关问题。
●
相关链接 在五车中查询图书 在当当中查询图书 在豆瓣中查询图书


正题名:监察机关15项调查措施学习指南     索取号:D922.114.5/1         预约/预借

序号 登录号 条形码 馆藏地/架位号 状态 备注
1 2000031630   2000031630   旧书回溯/ [索取号:D922.114.5/1] 在馆    
山东省滨州职业学院图书馆 欢迎您!
大连网信软件有限公司© 版权所有